LEADER 01085nam a2200265 u 4500 001 000000078843 003 CaOOAMICUS 005 20070226123456.0 008 040517s1972 it u000 u eng u 035 $a10995416 040 $aPUL(R)$bita 100 1 $aDooly, Bernard.$0(OLS)http://pul/name/52522 245 10$aCivil disobedience as a christian option /$cBernard Dooly. 260 $aRoma :$b[s.n.],$c1972. 300 $a106 p. ;$c24 cm 500 $aEstratto della tesi di dottorato dell'autore. 502 $aTesi (Dott.) -- P. Univ. Lateranense. Accademia Alfonsiana. 504 $aBibliografia in nota. 650 4$aDisobbedienza civile.$0(OLS)http://pul/subject/27429 650 4$aEtica cristiana.$0(OLS)http://pul/subject/1395 850 $aPUL 852 $aPUL$W1$xDP1 Tesi Acc. Alfonsiana$y28$mTH AC.ALF 49$j101034$nBK-PRI$b $qTesi$B101034$CPULBib$Z2$F101034 $HPUL36356 $81 941 1 $a16 996 $6245$aCivil disobedience as a christian option$9(OLS)http://pul/title/103218 996 $6260$aRoma :$b[s.n.]$9(OLS)http://pul/publisher/47958 LEADER 01087nam a2200265 a 4500 001 000000154648 003 CaOOAMICUS 005 20161005090537.0 008 161005s1978 it u000 u ita r 032 $aLibriCat 040 $aPUL$bita 100 1 $aBaget Bozzo, Gianni,$d1925-$0(OLS)http://pul/name/8691 245 12$aI cattolici e la lettera di Berlinguer /$cGianni Baget-Bozzo. 260 $aFirenze :$bVallecchi,$c1978. 300 $a104 p. ;$c20 cm. 490 1 $aDocumenti e interventi 600 14$aBerlinguer, Enrico,$d1922-1984.$0(OLS)http://pul/subject/39108 650 04$aCattolicesimo e politica$zItalia$ySec. XX.$0(OLS)http://pul/subject/43780 830 0$aDocumenti e interventi.$0(OLS)http://pul/title/59664 850 $aPUL 852 $aPUL$W1$xDP1 Fondo G. Barberini$y122$m9 A 67$j163547$qFondi$B180700$CPULBib$Z2$F180700 $HBar1480 $81 941 1 $a1 996 $6245$aI cattolici e la lettera di Berlinguer$9(OLS)http://pul/title/194267 996 $6260$aFirenze :$bVallecchi$9(OLS)http://pul/publisher/47977